00702nam a2200241 a 4500001001300000003000900013005001700022008004100039020001000080082001800090100002500108245004700133260004800180300000900228500003500237505001700272650001900289700002500308902000800333942000700341952009700348999001500445nice12345678IN_TiNIC20260116011757.0050524s1950 jaba grp 000 0 eng  ac10000a230.0954bIMM aImmanuel, Rajappan D aInfluence of Hinduism on Indian Christians aJabalpurbLeonard Theological Collegec1950 a219p aincludes index and biblioraphy2 abibliography aTheology-India1 aImmanuel, Rajappan D bSRS cBK 00104070aHMIbHMId2007-06-13g100.00l0o230.0954 IMMp8651r2007-06-13w2026-01-16yEB c3889d3889